MARC

LEADER 00000nam0a2200000 4500
001 271956
005 20231101234503.0
020 |a RU  |b 87-24891 
035 |a (RuTPU)RU\TPU\book\295160 
090 |a 271956 
100 |a 20141014d1986 k y0rusy5003 ca 
101 0 |a rus 
102 |a RU 
105 |a a z 001zy 
200 1 |a Межотраслевые вопросы охраны труда  |e сборник научных работ институтов охраны труда ВЦСПС  |f Всесоюзный центральный научно-исследовательский институт охраны труда (ВЦНИИОТ) ; под ред. Е. Д. Чистова 
210 |a Москва  |c Профиздат  |d 1986 
215 |a 124 с.  |c ил. 
320 |a Библиогр. в конце ст. 
606 1 |a Охрана труда  |x Экономика  |2 stltpush  |3 (RuTPU)RU\TPU\subj\36585  |9 57914 
610 1 |a трудовая деятельность 
610 1 |a охрана 
610 1 |a рабочие зоны 
610 1 |a загрязнение 
610 1 |a виброзащитные системы 
610 1 |a химико-фармацевтическая промышленность 
610 1 |a условия труда 
610 1 |a деревообрабатывающая промышленность 
610 1 |a микроклимат 
610 1 |a теплоизоляция 
610 1 |a температурные режимы 
610 1 |a транспортные средства 
610 1 |a текстильная промышленность 
610 1 |a безопасность 
610 1 |a лазеры 
610 1 |a радиационно-технологические процессы 
610 1 |a башенные краны 
610 1 |a ультрафиолетовое излучение 
686 |a У9(2)248  |2 rubbk 
702 1 |a Чистов  |b Е. Д.  |g Евгений Дмитриевич  |4 340 
712 0 2 |a Всесоюзный центральный научно-исследовательский институт охраны труда (ВЦНИИОТ)  |c (Москва)  |c (1960-1990)  |2 stltpush  |3 (RuTPU)RU\TPU\col\9565 
801 0 |a RU  |b RuMRKP  |c 19950417  |g psbo 
801 1 |a RU  |b 63413507  |c 20141014 
801 2 |a RU  |b 63413507  |c 20160304  |g RCR 
942 |c BK